000 00840nam a2200253Ia 4500
003 IN-BaIIA
008 211028s9999 xx s 000 0 eng d
020 _a978-3-540-21030-6 (Print)
020 _a978-3-540-39911-7 (Online)
022 _a0075-8450 (Print)
022 _a1616-6361 (Online)
040 _cIIA Library
100 _aLalazissis, G. A., ed.
_940134
245 0 _aExtended Density Functionals in Nuclear Structure Physics
_h[eBook]
260 _aHeidelberg, Berlin
_bSpringer Berlin Heidelberg
_c2004
300 _aOnline resource
490 _aLecture Notes in Physics
650 _a Particle and Nuclear Physics
_936177
650 _aPhysics
_973
700 _aRing, Peter, ed.
_940135
700 _aVretenar, Peter, ed.
_940136
856 _uhttp://doi.org/10.1007/b95720
_yClick Here to Access eBook
942 _cEB
999 _c21702
_d21702